000 00628nam a2200193 i 4500
001 152461
003 ES-MaACL
005 20250727062613.0
008 931025s1895 sp |||| | spa d
040 _aPAB
_bspa
_cCCPB
100 1 _aBotella, Cristóbal,
_d1867-1921
_930745
245 1 3 _aEl socialismo y los anarquistas /
_cpor Cristóbal Botella.
260 _aMadrid :
_b[s.n.],
_c1895 (
_fImp. de Enrique Teodoro)
300 _aXV, 373 p., 1 h. ;
_c16 cm.
650 7 _aAnarquismo
_2embne
_99783
650 0 7 _aSocialismo
_2embne
_917147
852 _aES-MaACL
_jF-13433
_z-- Enc. hol.
999 _c152461
_d152461